000 00378nam a2200133Ia 4500
008 230917s9999||||xx |||||||||||||| ||und||
040 _e90749
_aMAIN
041 _aEnglish
082 _a617.7 R199C
100 _aRawal, Savita
245 0 _aComparative study of efficacy and side effects of betaxolol and timelol in primary open angle glaucoma
300 _a80 p.
942 _cTH
999 _c79441
_d79441